书目信息 |
| 题名: |
环境保护公众参与理论与实践研究
|
|
| 作者: | 崔浩 著 | |
| 分册: | ||
| 出版信息: | 北京 中国书籍出版社 2017 |
|
| 页数: | 238页 | |
| 开本: | 24cm | |
| 丛书名: | 中国书籍·学术之星文库 | |
| 单 册: | ||
| 中图分类: | X-12 | |
| 科图分类: | ||
| 主题词: | 环境保护--公民--参与管理--研究--中国 | |
| 电子资源: | ||
| ISBN: | 978-7-5068-5592-1 | |
| 000 | 01381oam2 2200253 450 | |
| 001 | 5243 | |
| 005 | 20180528180255.06 | |
| 010 | @a978-7-5068-5592-1@b精装@dCNY68.00 | |
| 100 | @a20170427d2017 em y0chiy50 ea | |
| 101 | 0 | @achi |
| 102 | @aCN@b110000 | |
| 105 | @ay z 000yy | |
| 200 | 1 | @a环境保护公众参与理论与实践研究@9huan jing bao hu gong zhong can yu li lun yu shi jian yan jiu@f崔浩著 |
| 210 | @a北京@c中国书籍出版社@d2017 | |
| 215 | @a238页@d24cm | |
| 225 | 1 | @a中国书籍·学术之星文库 |
| 314 | @a崔浩 (1963-),河南省鹿邑县人。浙江大学马克思主义学院副教授,政治学博士、法学博士,硕士研究生导师。主要从事马克思主义理论、政治学理论、行政法等学科领域的教学与研究工作。已出版著作教材共12部,发表学术论文40余篇,主持省部级课题和其他课题共20余项。 | |
| 330 | @a本书从三个方面系统研究了环境保护公众参与问题:环境保护公众参与的基本理论问题,概括阐述了公众参与的基本理论问题和环境保护公众参与问题,对环境保护公众参与的价值与目标、公众环境参与权利做了分析;结合我国实际系统研究了公众在环境保护领域的具体参与活动,介绍了我国环境保护公众参与的情况,研究了我国社会公众在环境立法、环境决策和环境司法中的参与活动;介绍分析了发达国家环境保护公众参与问题。 | |
| 461 | 0 | @12001 @a中国书籍·学术之星文库 |
| 606 | 0 | @a环境保护@x公民@x参与管理@x研究@y中国 |
| 690 | @aX-12@v5 | |
| 701 | 0 | @a崔浩@9cui hao@f(1963-)@4著 |
| 801 | 0 | @aCN@b91MARC@c20170427 |
| 905 | @aMuseLib@dX-12@e225 | |
| 环境保护公众参与理论与实践研究/崔浩著.-北京:中国书籍出版社,2017 |
| 238页;24cm.-(中国书籍·学术之星文库) |
| ISBN 978-7-5068-5592-1(精装):CNY68.00 |
| 本书从三个方面系统研究了环境保护公众参与问题:环境保护公众参与的基本理论问题,概括阐述了公众参与的基本理论问题和环境保护公众参与问题,对环境保护公众参与的价值与目标、公众环境参与权利做了分析;结合我国实际系统研究了公众在环境保护领域的具体参与活动,介绍了我国环境保护公众参与的情况,研究了我国社会公众在环境立法、环境决策和环境司法中的参与活动;介绍分析了发达国家环境保护公众参与问题。 |
| ● |
| 相关链接 |
|
|
|
|
正题名:环境保护公众参与理论与实践研究
索取号:X-12/225
 
预约/预借
| 序号 | 登录号 | 条形码 | 馆藏地/架位号 | 状态 | 备注 |
| 1 | 1112535 | 211125352 | 第二样本阅览室/ [索取号:X-12/225] | 在馆 | |
| 2 | 1112536 | 211125361 | 教育系资料室/ [索取号:X-12/225] | 在馆 | |
| 3 | 1112537 | 211125370 | 教育系资料室/ [索取号:X-12/225] | 在馆 | |
| 4 | 1112538 | 211125389 | 第三借阅区/ [索取号:X-12/225] | 在馆 |